WHITE POWER/ BLACK FREEDOM PLANNING THE FUTURE OF URBAN AMERICA (Record no. 502)

MARC details
000 -LEADER
fixed length control field 00288nam a22000977a 4500
008 - FIXED-LENGTH DATA ELEMENTS--GENERAL INFORMATION
fixed length control field 150824b xxu||||| |||| 00| 0 eng d
082 ## -
Classification number 307.76 SCH
100 ## - MAIN ENTRY--PERSONAL NAME
Personal name SCHUCHTER, ARNOLD
245 ## - TITLE STATEMENT
Title WHITE POWER/ BLACK FREEDOM PLANNING THE FUTURE OF URBAN AMERICA
260 ## - PUBLICATION, DISTRIBUTION, ETC. (IMPRINT)
Place of publication, distribution, etc. BOSTON
Name of publisher, distributor, etc. BEACON PRESS
Date of publication, distribution, etc. 1968
Holdings
Withdrawn status Lost status Source of classification or shelving scheme Damaged status Koha normalized classification for sorting Not for loan Home library Current library Shelving location Date acquired Total Checkouts Full call number Barcode Date last seen Price effective from Koha item type
    Dewey Decimal Classification   307_760000000000000_SCH   Dodoma Dodoma Ground Floor 24/08/2015   307.76 SCH 000000002662 29/07/2019 24/08/2015 BOOKS

IRDP © 2021 :: Managed by ICT Team